| 000 -LEADER |
| fixed length control field |
00360nam a2200145Ia 4500 |
| 008 - FIXED-LENGTH DATA ELEMENTS--GENERAL INFORMATION |
| fixed length control field |
180730s9999||||xx |||||||||||||| ||und|| |
| 020 ## - INTERNATIONAL STANDARD BOOK NUMBER |
| International Standard Book Number |
9789386635648 |
| 082 ## - DEWEY DECIMAL CLASSIFICATION NUMBER |
| Classification number |
657 |
| Item number |
RUS/F |
| 100 ## - MAIN ENTRY--PERSONAL NAME |
| Personal name |
Rustogi, R. P. |
| 245 #0 - TITLE STATEMENT |
| Title |
Fundamentals of Financial Management |
| 250 ## - EDITION STATEMENT |
| Edition statement |
12th |
| 260 ## - PUBLICATION, DISTRIBUTION, ETC. |
| Place of publication, distribution, etc. |
New Delhi |
| Name of publisher, distributor, etc. |
Taxmann Publications |
| Date of publication, distribution, etc. |
2017 |
| 300 ## - PHYSICAL DESCRIPTION |
| Extent |
401 |
| 942 ## - ADDED ENTRY ELEMENTS (KOHA) |
| Koha item type |
Book |